<?xml version="1.0" encoding="UTF-8"?><?xml-stylesheet type="text/xsl" href="static/style.xsl"?><OAI-PMH xmlns="http://www.openarchives.org/OAI/2.0/" xmlns:xsi="http://www.w3.org/2001/XMLSchema-instance" xsi:schemaLocation="http://www.openarchives.org/OAI/2.0/ http://www.openarchives.org/OAI/2.0/OAI-PMH.xsd"><responseDate>2026-04-13T15:07:35Z</responseDate><request verb="GetRecord" identifier="oai:www.recercat.cat:10459.1/49217" metadataPrefix="marc">https://recercat.cat/oai/request</request><GetRecord><record><header><identifier>oai:recercat.cat:10459.1/49217</identifier><datestamp>2024-12-05T23:05:41Z</datestamp><setSpec>com_2072_3622</setSpec><setSpec>col_2072_478537</setSpec></header><metadata><record xmlns="http://www.loc.gov/MARC21/slim" xmlns:dcterms="http://purl.org/dc/terms/" xmlns:xsi="http://www.w3.org/2001/XMLSchema-instance" xmlns:doc="http://www.lyncode.com/xoai" xsi:schemaLocation="http://www.loc.gov/MARC21/slim http://www.loc.gov/standards/marcxml/schema/MARC21slim.xsd">
   <leader>00925njm 22002777a 4500</leader>
   <datafield ind2=" " ind1=" " tag="042">
      <subfield code="a">dc</subfield>
   </datafield>
   <datafield ind2=" " ind1=" " tag="720">
      <subfield code="a">Serrano Barqué, Ricard</subfield>
      <subfield code="e">author</subfield>
   </datafield>
   <datafield ind2=" " ind1=" " tag="260">
      <subfield code="c">2015-12-02T12:34:25Z</subfield>
   </datafield>
   <datafield ind2=" " ind1=" " tag="260">
      <subfield code="c">2015-12-02T12:34:25Z</subfield>
   </datafield>
   <datafield ind2=" " ind1=" " tag="260">
      <subfield code="c">2015-06</subfield>
   </datafield>
   <datafield ind2=" " ind1=" " tag="520">
      <subfield code="a">La utilización de las garantías autónomas o independientes por parte de entidades&#xd;
bancarias y aseguradoras como alternativa a la fianza clásica es un fenómeno&#xd;
relativamente nuevo, que en nuestro país se intensificó a partir de mediados de los años&#xd;
ochenta y principios de los noventa. En la actualidad, son varios los ejemplos que&#xd;
pueden encontrarse en el Derecho positivo español en los que se hace referencia a&#xd;
garantías personales que comparten una serie de requisitos entre los que destaca la&#xd;
solidaridad, la fórmula de pago a primer requerimiento y la inoponibilidad de&#xd;
excepciones derivadas del contrato principal. Sin embargo, todavía no existe una&#xd;
regulación legal específica de la garantía autónoma a primera demanda, circunstancia&#xd;
que se ha visto atenuada por la presencia de instrumentos de soft law y, en particular,&#xd;
por la general aceptación entre los comerciantes de las Reglas uniformes relativas a las&#xd;
garantías a primera demanda, que han recibido un nuevo empuje a raíz de la revisión del&#xd;
año 2010.</subfield>
   </datafield>
   <datafield ind1="8" ind2=" " tag="024">
      <subfield code="a">http://hdl.handle.net/10459.1/49217</subfield>
   </datafield>
   <datafield tag="653" ind2=" " ind1=" ">
      <subfield code="a">Garantía a primera demanda</subfield>
   </datafield>
   <datafield tag="653" ind2=" " ind1=" ">
      <subfield code="a">Garantía autónoma</subfield>
   </datafield>
   <datafield tag="653" ind2=" " ind1=" ">
      <subfield code="a">Garantías independientes</subfield>
   </datafield>
   <datafield tag="653" ind2=" " ind1=" ">
      <subfield code="a">Inoponibilidad de excepciones</subfield>
   </datafield>
   <datafield tag="653" ind2=" " ind1=" ">
      <subfield code="a">Relación de valuta</subfield>
   </datafield>
   <datafield tag="653" ind2=" " ind1=" ">
      <subfield code="a">Garanties (Dret)</subfield>
   </datafield>
   <datafield tag="653" ind2=" " ind1=" ">
      <subfield code="a">Garantia (Venda)</subfield>
   </datafield>
   <datafield ind2="0" ind1="0" tag="245">
      <subfield code="a">Las garantías autónomas a primera demanda</subfield>
   </datafield>
</record></metadata></record></GetRecord></OAI-PMH>